000 01619nam a22004337a 4500
003 CHAP
005 20220817042120.0
008 971013s1974 r 00010 d
010 _a35130
011 _a36102
035 _a40221
040 _cCHAP
082 _a539.14
_bO65Y
110 _aOpen University. Bletchley, England
_983359
245 _aAtomos, elementos e isótopos ; estructura atómica
260 _aColón, Panamá :
_bMcGraw-Hill Latinoamericana,
_c1974
300 _a68 p.
490 _aCurso básico de ciencias
_v; 6
500 _aEncuadernado con otros impresos similares
590 _aBATCH-UPD
_b10
_c20130110
_lUCH01
_h0139
590 _aBATCH-UPD
_b10
_c20130110
_lUCH01
_h1439
590 _aBATCH-UPD
_b10
_c20130409
_lUCH01
_h2137
590 _aBATCH-UPD
_b10
_c20130410
_lUCH01
_h0912
590 _aBATCH-UPD
_b10
_c20130914
_lUCH01
_h0347
590 _aCONVERSION
_b10
_c20130109
_lUCH01
_h1320
650 1 4 _aAnálisis espectrométrico.
_95983
650 1 4 _aÁtomos.
650 1 4 _aEnergía atómica.
_936891
650 1 4 _aFísica nuclear.
_941999
650 1 4 _aRadioactividad.
_993694
830 0 _aCurso básico de ciencias
_v; 6
_930566
901 _aBK
942 _cLIBRO
949 _a539.14 O65Y
_bBC
_cLIBRO
_d33724000399846
_eLIBRO
_fc.4
_h38854
_i40221
_si
949 _a539.14 O65Y
_bBC
_cLIBRO
_d33724000399895
_eLIBRO
_fc.3
_h38853
_i40221
_si
949 _a539.14 O65Y
_bBC
_cLIBRO
_d33724000399903
_eLIBRO
_h38851
_i40221
_si
949 _a539.14 O65Y
_bBC
_cLIBRO
_d33724000399911
_eLIBRO
_fc.5
_h38855
_i40221
_si
949 _a539.14 O65Y
_bBC
_cLIBRO
_d33724000399929
_eLIBRO
_fc.2
_h38852
_i40221
_si
999 _c35130
_d35130